000 00867nam a2200289Ia 4500
005 20260324112901.0
008 008 260324s9999 xx 000 0 eng d
020 _a9781032666839
037 _aEBOOK
040 _aCRL
040 _beng
040 _cCRL
041 _2eng
041 _aeng
084 _qCRL
100 _aIan Hardy; Shiralee Poed; Christina Gowlett; Stephen Heimans; Elizabeth J Edwards; Danielle Armour; Katherine McLay; Suraiya Abdul Hameed; Andrew Beencke; Richard Lee; Laura Rueda Balaguera; Michelle Ocriciano
_91144531
245 0 _aShaping School Success
245 0 _bEmpowering Educational Leaders
260 _bTaylor and Francis
260 _c2024
365 _a
365 _b220
856 _uhttp://www.taylorfrancis.com/books/9781032666839
942 _cEBOOK
999 _c1733909
_d1733909